K aktuálnym otázkam postavenia verejného sektora v SR

Gespeichert in:
Bibliographische Detailangaben
1. Verfasser: Drozdová, Daniela, 1959-
Weitere Verfasser: Grubiaková, Slávka, Staneková, Eva
Format: Buch
Sprache:Slowakisch
Veröffentlicht: Bratislava VÚNH EU 1997
Schriftenreihe:Štúdie
Schlagworte:
Tags: Tag hinzufügen
Keine Tags, Fügen Sie das erste Tag hinzu!

MARC

LEADER 00000nam a2200000 4500
001 c021117
005 20250725080904.0
041 0 |a slo 
044 |a SK 
245 1 0 |a K aktuálnym otázkam postavenia verejného sektora v SR  |c Daniela Drozdová, Slávka Grubiaková ; ved. red. Eva Staneková 
264 1 |a Bratislava  |b VÚNH EU  |c 1997 
300 |a 44 s. 
490 1 |a Štúdie 
830 0 |a Štúdie 
610 2 0 |a sektor verejný 
610 2 0 |a financie verejné 
610 2 0 |a rozpočet štátny 
610 2 0 |a zdravotníctvo 
610 2 0 |a školstvo 
610 2 0 |a Slovensko 
100 1 |a Drozdová, Daniela, 1959- 
700 1 |a Grubiaková, Slávka 
700 1 |a Staneková, Eva